01015nas a2200277Ia 4500001001600000003001000016008004100026040002500067041001300092100001600105210001800121222001800139245006800157250001100225260000900236501012300245300001600368362003700384500005500421650002600476700001100502942000700513957000600520999003300526952017800559A06/R061-31921 IT-MiCISF161014c99999999xx |||||||||||| ||und|| aIT-MiCISFcIT-MiCISF aITALIANO aDoldi Marco aAnime e corpi aAnime e corpi 0aFigura e missione del medico. Dal paternalismo alla paternità€ a1a ed. c1999 bCISF - Centro Internazionale Studi Famiglia - Via Giotto, 36 20145 MILANO (non commercial uses only)cCopyright 2016 app. 509-540 an. 206, novembre-dicembre [1999] a Tema: malato, rapporti-paziente-terapeuta, storia asalute curavarticolo aAA.VV. cCR 71 a31921bSig1c234648d234648 0010406A_06_000000000000000_R0613192171aCISFbCISFd2016-10-14l0oA06/R061-31921 r2016-10-14 00:00:00w2016-10-14yCRzData import 15.10.2016 / by Epidotti, Vaglietti